| 000 | 01105nac a22002651u 4500 | ||
|---|---|---|---|
| 020 | _a061921371X (international student ed.) | ||
| 020 | _a0619160314 (instructors ed.) | ||
| 020 | _a0619213256 (student ed.) | ||
| 082 |
_a004.21 _bS254 |
||
| 090 |
_c739 _d739 |
||
| 100 | _aSatzinger, John W. | ||
| 245 |
_aSystem analysis and design in a changing world / _cJohn W. Satzinger, Robert B. Jackson, Stephen D. Burd. |
||
| 250 | _a3rd ed. | ||
| 260 |
_aLondon : _bCourse Technology, _c2004. |
||
| 300 |
_a754 p. : _bcol. ill. ; _c28cm. |
||
| 500 | _aPrevious ed.: published as Systems analysis and design in a changing world. 2002. | ||
| 504 | _aIncludes bibliographies and index. | ||
| 650 | _aSystem analysis. | ||
| 650 | _aSystem design. | ||
| 700 |
_aJackson, Robert B., _d1942- |
||
| 700 | _aBurd, Stephen D. | ||
| 700 |
_aSatzinger, John W.. _at Systems analysis and design in a changing world. |
||
| 942 |
_cBB _k004.21S254 |
||
| 999 |
_c739 _d739 |
||